[Event "Titled Tuesday intern op 30th Apr Early"]
[Site "Chess.com INT"]
[Date "2024.04.30"]
[Round "7"]
[White "Bartel, Mateusz"]
[Black "Arias, Juan Cruz"]
[Result "1-0"]
[WhiteElo "2647"]
[BlackElo "2339"]
[PlyCount "77"]
[EventDate "2024.04.30"]
[EventType "swiss (blitz)"]
[EventRounds "11"]
[EventCountry "USA"]
[SourceTitle "CB19_2024"]
[SourceDate "2024.05.08"]
[SourceVersion "1"]
[SourceVersionDate "2024.05.08"]
[SourceQuality "1"]

1. e4 c6 2. Ne2 d5 3. e5 c5 4. d4 Nc6 5. c3 cxd4 6. cxd4 Bf5 7. Nbc3 e6 8. Ng3 Bg6 9. Be3 Rc8 10. Be2 Qb6 11. Qd2 Nge7 12. 0-0 Nf5 13. Nxf5 Bxf5 14. Rfc1 Be7 15. a3 0-0 16. b4 Qd8 17. Na4 Nb8 18. Rxc8 Qxc8 19. Rc1 Qd8 20. Nc5 b6 21. Na6 f6 22. exf6 Bxf6 23. Bf4 Nxa6 24. Bxa6 Qd7 25. Qe3 Qa4 26. Bc8 Re8 27. h3 h6 28. Kh2 Kh7 29. Rc7 Bd8 30. Bd7 Qd1 31. Bxe8 Bxc7 32. Bxc7 a5 33. Bxb6 a4 34. Bc7 Qb3 35. Be5 g5 36. Bh5 Qc2 37. Bg4 Be4 38. Bxe6 Qb3 39. Qxe4+ 1-0

[Event "Titled Tuesday intern op 30th Apr Early"]
[Site "Chess.com INT"]
[Date "2024.04.30"]
[Round "11"]
[White "Bartel, Mateusz"]
[Black "Xiong, Jeffery"]
[Result "0-1"]
[WhiteElo "2647"]
[BlackElo "2646"]
[PlyCount "58"]
[EventDate "2024.04.30"]
[EventType "swiss (blitz)"]
[EventRounds "11"]
[EventCountry "USA"]
[SourceTitle "CB19_2024"]
[SourceDate "2024.05.08"]
[SourceVersion "1"]
[SourceVersionDate "2024.05.08"]
[SourceQuality "1"]

1. e4 e6 2. d4 d5 3. Nc3 Nf6 4. Bg5 dxe4 5. Nxe4 Be7 6. Bxf6 gxf6 7. Bc4 a6 8. Qe2 Qxd4 9. c3 Qb6 10. Nf3 Nc6 11. 0-0-0 Bd7 12. g4 0-0-0 13. h3 h5 14. g5 fxg5 15. Nexg5 Be8 16. h4 Qc5 17. Bb3 Qf5 18. Nxe6 Rxd1+ 19. Rxd1 Bd7 20. Neg5 Qf4+ 21. Qe3 Bxg5 22. Nxg5 Qxh4 23. Qd2 Be6 24. Bxe6+ fxe6 25. Qd7+ Kb8 26. Nxe6 Rc8 27. Qf7 Qc4 28. Kb1 Qe2 29. Rg1 Ne5 0-1

[Event "Titled Tuesday intern op 30th Apr Early"]
[Site "Chess.com INT"]
[Date "2024.04.30"]
[Round "9"]
[White "Kokoszczynski, Jan"]
[Black "Bartel, Mateusz"]
[Result "1/2-1/2"]
[WhiteElo "2287"]
[BlackElo "2647"]
[PlyCount "128"]
[EventDate "2024.04.30"]
[EventType "swiss (blitz)"]
[EventRounds "11"]
[EventCountry "USA"]
[SourceTitle "CB19_2024"]
[SourceDate "2024.05.08"]
[SourceVersion "1"]
[SourceVersionDate "2024.05.08"]
[SourceQuality "1"]

1. Nf3 f5 2. g3 g6 3. Bg2 Bg7 4. 0-0 e5 5. c4 d6 6. Nc3 Nf6 7. d4 e4 8. Nh4 c6 9. f3 d5 10. fxe4 dxe4 11. Bg5 0-0 12. Qd2 Qe8 13. Bh6 Qe7 14. Bxg7 Qxg7 15. Rad1 Be6 16. d5 cxd5 17. cxd5 Bf7 18. Qd4 Nbd7 19. e3 Ng4 20. Rfe1 Qxd4 21. Rxd4 Nde5 22. h3 Nf6 23. Red1 Rad8 24. Bf1 a6 25. Be2 h5 26. Ng2 g5 27. h4 Nh7 28. Kf2 Rd6 29. Rb4 b6 30. Bxa6 Ng4+ 31. Kg1 gxh4 32. gxh4 Kh8 33. Be2 Rg8 34. Kf1 Nh2+ 35. Kf2 Nf6 36. Nb5 Nfg4+ 37. Bxg4 Nxg4+ 38. Ke2 Rxd5 39. Rxd5 Bxd5 40. Nf4 Bxa2 41. Nd4 Ne5 42. b3 Bb1 43. Rxb6 Nd3 44. Nxf5 Nxf4+ 45. exf4 Rf8 46. Rh6+ Kg8 47. Rxh5 Bd3+ 48. Ke3 Rb8 49. Nd4 Kf7 50. Rh7+ Kg6 51. Rc7 Rh8 52. f5+ Kf6 53. Rc6+ Ke5 54. Re6+ Kd5 55. f6 Rf8 56. h5 Bb5 57. b4 Bd7 58. Re7 Bg4 59. f7 Bxh5 60. Rxe4 Rxf7 61. Rf4 Rxf4 62. Kxf4 Kxd4 63. b5 Kc5 64. b6 Kxb6 1/2-1/2

[Event "Titled Tuesday intern op 16th Apr Early"]
[Site "Chess.com INT"]
[Date "2024.04.16"]
[Round "5"]
[White "Bortnyk, Olexandr"]
[Black "Bartel, Mateusz"]
[Result "1-0"]
[WhiteElo "2608"]
[BlackElo "2647"]
[PlyCount "27"]
[EventDate "2024.04.16"]
[EventType "swiss (blitz)"]
[EventRounds "11"]
[EventCountry "USA"]
[SourceTitle "CB17_2024"]
[SourceDate "2024.04.24"]
[SourceVersion "1"]
[SourceVersionDate "2024.04.24"]
[SourceQuality "1"]

1. e4 e5 2. Bc4 Nf6 3. d3 Nc6 4. Nc3 Bb4 5. Bd2 0-0 6. Nge2 d6 7. Ng3 Be6 8. 0-0 d5 9. exd5 Nxd5 10. Nxd5 Bxd5 11. Bxd5 Qxd5 12. Bxb4 Nxb4 13. Qg4 Nc6 14. Nh5 1-0

[Event "Titled Tuesday intern op 02nd Apr Early"]
[Site "Chess.com INT"]
[Date "2024.04.02"]
[Round "3"]
[White "Bambino Filho, Antonio Carlos"]
[Black "Bartel, Mateusz"]
[Result "0-1"]
[WhiteElo "2169"]
[BlackElo "2647"]
[PlyCount "130"]
[EventDate "2024.04.02"]
[EventType "swiss (blitz)"]
[EventRounds "11"]
[EventCountry "USA"]
[SourceTitle "CB15_2024"]
[SourceDate "2024.04.10"]
[SourceVersion "1"]
[SourceVersionDate "2024.04.10"]
[SourceQuality "1"]

1. d4 f5 2. c4 Nf6 3. Nf3 g6 4. g3 Bg7 5. Bg2 0-0 6. 0-0 d6 7. b3 a5 8. Bb2 a4 9. Qc2 c6 10. Nbd2 a3 11. Bc3 Na6 12. Rfe1 d5 13. Ne5 Ne4 14. Ndf3 Nxc3 15. Qxc3 Kh8 16. Rac1 Be6 17. e3 Bg8 18. cxd5 Bxd5 19. Nd2 Nc7 20. e4 fxe4 21. Nxe4 Nb5 22. Qa1 Bxe4 23. Rxe4 Qd6 24. Nc4 Qf6 25. Rf4 Qg5 26. h4 Qh6 27. Rxf8+ Rxf8 28. Ne5 Qd2 29. Rd1 Qxf2+ 30. Kh2 Qb2 31. Nc4 Qxa1 32. Rxa1 Bxd4 33. Rd1 e5 34. Na5 Nc3 35. Rd2 Rf7 36. Nc4 Kg7 37. Nxa3 Rf2 38. Rxf2 Bxf2 39. Bf1 Nxa2 40. Nc4 Kf6 41. Na5 Nc3 42. Nxb7 Ne4 43. Bg2 Nxg3 44. Bxc6 Nf5 45. h5 g5 46. Na5 g4 47. Nc4 Nd4 48. Bd5 Be1 49. Kg2 h6 50. Ne3 Kg5 51. Bf7 Bd2 52. Nc4 Bf4 53. b4 e4 54. Nb2 Bd6 55. Bd5 Kf4 56. b5 Nxb5 57. Nc4 Bb4 58. Nb2 Nd4 59. Bb7 Nf5 60. Bc8 Ne3+ 61. Kg1 g3 62. Bb7 Bc5 63. Na4 Bd4 64. Kh1 Ng4 65. Bc6 Nf6 0-1

[Event "Titled Tuesday intern op 02nd Apr Early"]
[Site "Chess.com INT"]
[Date "2024.04.02"]
[Round "8"]
[White "Bartel, Mateusz"]
[Black "Durarbayli, Vasif"]
[Result "1-0"]
[WhiteElo "2647"]
[BlackElo "2627"]
[PlyCount "121"]
[EventDate "2024.04.02"]
[EventType "swiss (blitz)"]
[EventRounds "11"]
[EventCountry "USA"]
[SourceTitle "CB15_2024"]
[SourceDate "2024.04.10"]
[SourceVersion "1"]
[SourceVersionDate "2024.04.10"]
[SourceQuality "1"]

1. e4 c5 2. Nf3 d6 3. c3 Nf6 4. Bd3 Nc6 5. Bc2 d5 6. e5 Ng4 7. d4 e6 8. h3 Nh6 9. 0-0 Bd7 10. Re1 Rc8 11. a3 Be7 12. Bxh6 gxh6 13. b4 cxd4 14. cxd4 a5 15. b5 Na7 16. a4 Bb4 17. Re2 Qe7 18. Nbd2 Rc3 19. Nf1 Nc8 20. Ne3 Nb6 21. Ng4 Rxf3 22. gxf3 Qh4 23. Kh2 h5 24. Nf6+ Kd8 25. Qd3 Be7 26. Rg1 Bxf6 27. exf6 Nc4 28. Bb3 Nd6 29. f4 Qxf6 30. Qe3 Nf5 31. Qe5 Qxe5 32. dxe5 Nd4 33. Re3 Kc7 34. Bd1 Kb6 35. Bxh5 Be8 36. Rd3 Nf5 37. Bg4 Ne7 38. Rc1 h5 39. Bf3 Ng6 40. Rc8 Nxf4 41. Rd1 Ng6 42. Re1 Nh4 43. Bh1 Ng6 44. Re3 Bd7 45. Rxh8 Nxh8 46. Kg3 Ng6 47. h4 d4 48. Rd3 Kc5 49. f4 b6 50. Be4 Kc4 51. Rd1 Kc3 52. Rc1+ Kb4 53. Rc7 Be8 54. Rc8 Bd7 55. Rd8 Kxa4 56. Rxd7 Kxb5 57. Rxf7 a4 58. Bxg6 Ka6 59. Rf8 Kb7 60. Rd8 a3 61. Rxd4 1-0

[Event "Bundesliga 2324"]
[Site "Germany"]
[Date "2024.03.16"]
[Round "12.2"]
[White "Bartel, Mateusz"]
[Black "Anton Guijarro, David"]
[Result "1/2-1/2"]
[WhiteElo "2651"]
[BlackElo "2653"]
[PlyCount "119"]
[EventDate "2023.10.21"]
[EventType "team-tourn"]
[EventRounds "15"]
[EventCountry "GER"]
[SourceTitle "CB13_2024"]
[SourceDate "2024.03.27"]
[SourceVersion "1"]
[SourceVersionDate "2024.03.27"]
[SourceQuality "1"]
[WhiteTeam "Dresden TU"]
[BlackTeam "Viernheim"]
[WhiteTeamCountry "GER"]
[BlackTeamCountry "GER"]

1. e4 e5 2. Nf3 Nc6 3. Bb5 Nf6 4. 0-0 Nxe4 5. Re1 Nd6 6. Nxe5 Be7 7. Bf1 Nf5 8. Nf3 0-0 9. d4 d5 10. c3 Bd6 11. g3 Re8 12. Rxe8+ Qxe8 13. Bd3 h6 14. Nbd2 Bf8 15. Nf1 Nce7 16. Bf4 c6 17. Qc2 g5 18. Be5 Bg7 19. Re1 f6 20. Bc7 Bf8 21. Ne3 Qd7 22. Nxf5 Nxf5 23. Bd8 Bg7 24. Bxf6 Qf7 25. Bxg7 Kxg7 26. Ne5 Qf8 27. Qe2 Nd6 28. Qh5 Bf5 29. Ng4 Bxd3 30. Qxh6+ Kg8 31. Qxg5+ Qg7 32. Nf6+ Kf8 33. Qf4 Nf7 34. Nd7+ Kg8 35. Re7 Qg6 36. Rxf7 Qxf7 37. Qxf7+ Kxf7 38. Ne5+ Kf6 39. Nxd3 b6 40. f3 Rc8 41. Nf4 a5 42. Kf2 Kf5 43. h4 a4 44. Ne2 a3 45. b3 c5 46. Ke3 Re8+ 47. Kd2 Rh8 48. Nf4 Rg8 49. Nh5 Kg6 50. g4 Rf8 51. f4 Rh8 52. f5+ Kf7 53. Kd3 Rh6 54. Ke3 Rh8 55. Kd3 Rh6 56. b4 cxb4 57. cxb4 b5 58. Ke3 Rh8 59. Kd3 Rh6 60. Kd2 1/2-1/2

[Event "Titled Tuesday intern op 12th Mar Early"]
[Site "Chess.com INT"]
[Date "2024.03.12"]
[Round "11"]
[White "Kuziev, Miraziz"]
[Black "Bartel, Mateusz"]
[Result "0-1"]
[WhiteElo "2218"]
[BlackElo "2650"]
[PlyCount "48"]
[EventDate "2024.03.12"]
[EventType "swiss (blitz)"]
[EventRounds "11"]
[EventCountry "USA"]
[SourceTitle "CB12_2024"]
[SourceDate "2023.10.01"]
[SourceVersion "1"]
[SourceVersionDate "2023.10.01"]
[SourceQuality "1"]

1. d4 Nf6 2. c4 g6 3. Nc3 Bg7 4. e4 d6 5. f3 Na6 6. Be3 c6 7. Qd2 0-0 8. h4 e5 9. d5 h5 10. Nh3 Nc5 11. Nf2 a5 12. Bh6 a4 13. Bg5 Qa5 14. g4 a3 15. b3 hxg4 16. Bxf6 Bxf6 17. fxg4 Be7 18. Rb1 Qb4 19. g5 Kg7 20. h5 Bxg5 21. Qxg5 Qxc3+ 22. Kd1 Qf3+ 23. Ke1 Qxf2+ 24. Kxf2 Nxe4+ 0-1

[Event "Prague Masters 6th"]
[Site "Prague"]
[Date "2024.03.04"]
[Round "6"]
[White "Gukesh, Dommaraju"]
[Black "Bartel, Mateusz"]
[Result "0-1"]
[WhiteElo "2743"]
[BlackElo "2660"]
[PlyCount "80"]
[EventDate "2024.02.26"]
[EventType "tourn"]
[EventRounds "9"]
[EventCountry "CZE"]
[EventCategory "19"]
[SourceTitle "CB11_2024"]
[SourceDate "2024.03.13"]
[SourceVersion "1"]
[SourceVersionDate "2024.03.13"]
[SourceQuality "1"]

1. d4 d5 2. c4 e6 3. Nf3 Nf6 4. Nc3 Be7 5. cxd5 exd5 6. h3 Nbd7 7. Bf4 Nf8 8. e3 Ng6 9. Bh2 Bd6 10. Ne5 c6 11. Bd3 Bxe5 12. dxe5 Nd7 13. f4 Qh4+ 14. Kd2 Nc5 15. Bc2 0-0 16. Kc1 Rd8 17. Qf3 f5 18. exf6 Qxf6 19. g4 b5 20. Rd1 b4 21. Ne2 Ne5 22. Qg3 Nc4 23. Nd4 Re8 24. g5 Qd6 25. Bg1 Ne4 26. Qg2 a5 27. b3 Na3 28. Bxe4 Rxe4 29. Kb2 a4 30. Rac1 c5 31. Nc2 Bf5 32. Nxa3 axb3 33. axb3 Qa6 34. Ra1 bxa3+ 35. Ka2 c4 36. Rab1 d4 37. b4 c3 38. b5 Qa4 39. Rdc1 Qc4+ 40. Rb3 Be6 0-1

[Event "Bundesliga 2324"]
[Site "Germany"]
[Date "2024.02.25"]
[Round "11.8"]
[White "Bjerre, Jonas Buhl"]
[Black "Bartel, Mateusz"]
[Result "1-0"]
[WhiteElo "2637"]
[BlackElo "2651"]
[PlyCount "107"]
[EventDate "2023.10.21"]
[EventType "team-tourn"]
[EventRounds "15"]
[EventCountry "GER"]
[SourceTitle "CB09_2024"]
[SourceDate "2024.02.28"]
[SourceVersion "1"]
[SourceVersionDate "2024.02.28"]
[SourceQuality "1"]
[WhiteTeam "Kiel Turm"]
[BlackTeam "Dresden TU"]
[WhiteTeamCountry "GER"]
[BlackTeamCountry "GER"]

1. e4 c6 2. Nf3 d5 3. Nc3 Bg4 4. h3 Bxf3 5. Qxf3 e6 6. Be2 d4 7. Nb1 Nd7 8. Qg3 h5 9. f4 Qc7 10. d3 0-0-0 11. Nd2 f5 12. Qf2 Ngf6 13. e5 Nd5 14. Nf3 Bb4+ 15. Kf1 Bc5 16. Ng5 Nf8 17. c4 Ne3+ 18. Kg1 a5 19. Kh2 Qe7 20. Bd2 b6 21. Nf3 Ng6 22. Qg3 Qe8 23. h4 Ng4+ 24. Kh3 Kc7 25. Bd1 Bb4 26. Bc1 Be7 27. Ba4 b5 28. cxb5 cxb5 29. Bd1 Qc6 30. Bd2 Qb6 31. a4 b4 32. Bb3 Kb8 33. Rhc1 Rc8 34. Qe1 Rxc1 35. Rxc1 Rc8 36. Kg3 Nf8 37. Qd1 Nd7 38. Rxc8+ Kxc8 39. Qc2+ Kb7 40. Qc4 Nc5 41. Bd1 Qd8 42. Nxd4 Bxh4+ 43. Kh3 Nf2+ 44. Kh2 Nxd1 45. Qxc5 Bf2 46. Qc6+ Ka7 47. Nb5+ Kb8 48. g3 h4 49. Nd6 hxg3+ 50. Kg2 Qe7 51. Qc8+ Ka7 52. Qc2 Qd8 53. Qxd1 Qh8 54. Qf3 1-0

[Event "Titled Tuesday intern op 13th Feb Early"]
[Site "Chess.com INT"]
[Date "2024.02.13"]
[Round "10"]
[White "Bartel, Mateusz"]
[Black "Bartel, Michal"]
[Result "1-0"]
[WhiteElo "2660"]
[BlackElo "2246"]
[PlyCount "73"]
[EventDate "2024.02.13"]
[EventType "swiss (blitz)"]
[EventRounds "11"]
[EventCountry "USA"]
[SourceTitle "CB08_2024"]
[SourceDate "2024.02.21"]
[SourceVersion "1"]
[SourceVersionDate "2024.02.21"]
[SourceQuality "1"]

1. Nf3 d5 2. c4 dxc4 3. Na3 a6 4. Nxc4 b5 5. Ne3 Bb7 6. d3 c5 7. g3 Nc6 8. Bg2 Nf6 9. 0-0 e6 10. b3 Be7 11. Bb2 0-0 12. Rc1 Qb6 13. a3 Rac8 14. Qd2 Rfd8 15. Rfd1 h6 16. h3 Nd4 17. Nxd4 cxd4 18. Ng4 Nd5 19. Rxc8 Rxc8 20. Rc1 Nc3 21. Bxc3 Bxg2 22. Bxd4 Rxc1+ 23. Qxc1 Qxd4 24. Kxg2 Qd5+ 25. f3 Qxb3 26. Qc8+ Kh7 27. Qe8 Bxa3 28. Qxf7 Qb2 29. Qxe6 a5 30. f4 a4 31. f5 Bf8 32. f6 a3 33. Qe4+ Kg8 34. Ne5 gxf6 35. Nd7 Qb4 36. Qe6+ Kh8 37. Nxf6 1-0

[Event "Titled Tuesday intern op 13th Feb Early"]
[Site "Chess.com INT"]
[Date "2024.02.13"]
[Round "2"]
[White "Di Nicolantonio, Lucas"]
[Black "Bartel, Mateusz"]
[Result "0-1"]
[WhiteElo "2391"]
[BlackElo "2660"]
[PlyCount "52"]
[EventDate "2024.02.13"]
[EventType "swiss (blitz)"]
[EventRounds "11"]
[EventCountry "USA"]
[SourceTitle "CB08_2024"]
[SourceDate "2024.02.21"]
[SourceVersion "1"]
[SourceVersionDate "2024.02.21"]
[SourceQuality "1"]

1. Nf3 Nf6 2. c4 g6 3. Nc3 Bg7 4. g3 0-0 5. Bg2 d6 6. 0-0 c6 7. d4 Bf5 8. Re1 Ne4 9. Nh4 Nxc3 10. bxc3 Bd7 11. Rb1 Qc8 12. Qb3 b6 13. e4 Bh3 14. c5 Bxg2 15. cxb6 axb6 16. Nxg2 Nd7 17. Bg5 Re8 18. h4 Ra5 19. Re2 Qa6 20. Reb2 Ra3 21. Qc2 b5 22. Bc1 Ra8 23. e5 dxe5 24. Qe4 exd4 25. Qxe7 dxc3 26. Re2 Rxa2 0-1

[Event "Titled Tuesday intern op 13th Feb Early"]
[Site "Chess.com INT"]
[Date "2024.02.13"]
[Round "5"]
[White "Sierra Vallina, Lionel"]
[Black "Bartel, Mateusz"]
[Result "1-0"]
[WhiteElo "2275"]
[BlackElo "2660"]
[PlyCount "137"]
[EventDate "2024.02.13"]
[EventType "swiss (blitz)"]
[EventRounds "11"]
[EventCountry "USA"]
[SourceTitle "CB08_2024"]
[SourceDate "2024.02.21"]
[SourceVersion "1"]
[SourceVersionDate "2024.02.21"]
[SourceQuality "1"]

1. e4 e5 2. Nf3 d6 3. d4 exd4 4. Nxd4 Nf6 5. Nc3 Be7 6. Bc4 0-0 7. 0-0 Nc6 8. f3 a6 9. a4 Nxd4 10. Qxd4 Be6 11. Bxe6 fxe6 12. e5 Nd7 13. exd6 Bxd6 14. Qe4 Qf6 15. Be3 Qe5 16. Qxe5 Bxe5 17. Ne4 Nf6 18. Nc5 b6 19. Nd3 Bd6 20. Bd4 Nd7 21. Rfe1 Rae8 22. a5 b5 23. Re2 c5 24. Be5 Nxe5 25. Nxe5 Rf5 26. Rae1 Bc7 27. c3 c4 28. Nc6 Kf7 29. Nb4 Bxa5 30. Nxa6 Bb6+ 31. Kf1 g5 32. h3 h5 33. Re4 Rd5 34. Nb4 Rd2 35. R4e2 Rxe2 36. Kxe2 Kf6 37. Nc2 Bc5 38. Ne3 Ra8 39. Kd2 Rd8+ 40. Kc2 Rd3 41. Nf1 Kf5 42. b3 Rd8 43. Ng3+ Kg6 44. Rxe6+ Kf7 45. Re2 h4 46. Ne4 cxb3+ 47. Kxb3 Be7 48. Rd2 Ra8 49. Rd7 Ke6 50. Rb7 Ra3+ 51. Kb2 Ra5 52. Rb6+ Ke5 53. Kb3 Kf4 54. Re6 Ra3+ 55. Kb2 Ra7 56. Rb6 Ra5 57. Rb7 Ba3+ 58. Kb3 Bc1 59. Rg7 Ra3+ 60. Kc2 Be3 61. Rxg5 Bg1 62. Rg4+ Ke3 63. Kb2 Ra4 64. Rxh4 Ke2 65. Rg4 Be3 66. h4 Kd1 67. h5 Bc1+ 68. Kb3 Ra2 69. Kxa2 1-0

[Event "Bundesliga 2324"]
[Site "Germany"]
[Date "2024.02.04"]
[Round "8.1"]
[White "Motylev, Alexander"]
[Black "Bartel, Mateusz"]
[Result "1/2-1/2"]
[WhiteElo "2602"]
[BlackElo "2651"]
[PlyCount "70"]
[EventDate "2023.10.21"]
[EventType "team-tourn"]
[EventRounds "15"]
[EventCountry "GER"]
[SourceTitle "CB06_2024"]
[SourceDate "2024.02.07"]
[SourceVersion "1"]
[SourceVersionDate "2024.02.07"]
[SourceQuality "1"]
[WhiteTeam "Oetigheim"]
[BlackTeam "Dresden TU"]
[WhiteTeamCountry "GER"]
[BlackTeamCountry "GER"]

1. e4 e6 2. d4 d5 3. Nc3 Bb4 4. exd5 exd5 5. Bd3 Ne7 6. Qh5 c5 7. dxc5 Nd7 8. Nf3 Nxc5 9. Bb5+ Bd7 10. Ne5 0-0 11. Nxd7 Nxd7 12. 0-0 Nf6 13. Qf3 Rc8 14. Ne2 Qb6 15. Bd3 Ng6 16. c3 Ne5 17. Qh3 Nxd3 18. Qxd3 Bc5 19. b4 Bd6 20. Bg5 Be5 21. Bxf6 Bxf6 22. Qxd5 Rfe8 23. Qf3 Qc6 24. Qxc6 Rxc6 25. Rfe1 Kf8 26. Kf1 Bxc3 27. Nxc3 Rxc3 28. Rec1 Rec8 29. Rd1 Rc2 30. a3 g6 31. Rd3 R8c3 32. Rad1 b5 33. g3 a6 34. Rd8+ Kg7 35. R1d3 Rxd3 1/2-1/2